ARRUPE JESUIT UNIVERSITY

CORONAVIRUS -STOP THE SPREAD - CLEAN,DISINFECT,COVER

Mysticism, pragmatism and the female apostolate: (Record no. 122345)

MARC details
000 -LEADER
fixed length control field 00512nam a22001457a 4500
008 - FIXED-LENGTH DATA ELEMENTS--GENERAL INFORMATION
fixed length control field 150309b xxu||||| |||| 00| 0 eng d
050 ## - LIBRARY OF CONGRESS CALL NUMBER
Classification number SPC DT1. T45 C555
100 ## - MAIN ENTRY--PERSONAL NAME
Personal name Christon, A.K.
9 (RLIN) 16018
245 ## - TITLE STATEMENT
Title Mysticism, pragmatism and the female apostolate:
Remainder of title the life of Marie de I'Incarnation re-examined
Statement of responsibility, etc /by Anne Kathleen Christison
260 ## - PUBLICATION, DISTRIBUTION, ETC. (IMPRINT)
Place of publication, distribution, etc Kingston
Name of publisher, distributor, etc Queen's University
Date of publication, distribution, etc 1993
300 ## - PHYSICAL DESCRIPTION
Extent iii,114p. ;
Dimensions 29cm.
521 ## - TARGET AUDIENCE NOTE
Target audience note Thesis
650 ## - SUBJECT ADDED ENTRY--TOPICAL TERM
Topical term or geographic name as entry element Marie de I'incarnation, ven
9 (RLIN) 16019
942 ## - ADDED ENTRY ELEMENTS (KOHA)
Source of classification or shelving scheme Library of Congress Classification
Item type SPC
Holdings
Withdrawn status Lost status Source of classification or shelving scheme Damaged status Not for loan Collection code Home library Current library Shelving location Date acquired Total Checkouts Full call number Barcode Date last seen Price effective from Koha item type
    Library of Congress Classification     SPECIAL Collection ARRUPE LIBRARY ARRUPE LIBRARY Reference 09/03/2015   SPC DT1. T45 C555 46500002756 09/03/2015 09/03/2015 SPC

 

Arrupe Library. PO Box MP320 Mt Pleasant, Harare, Zimbabwe
263 242 745411|librarian@aju.ac.zw